000 00543nam a22001937a 4500
003 LK-CoMWRAF
005 20231231113147.0
008 231231b1992 |||||||| |||| 00| 0 eng d
040 _aLK-CoMWRAF
_dLK-CoMWRAF
_eLK-CoMWRAF
041 _atam
082 _a894.8113
_bJAB
100 _aஜப்பார், இர்ஃபானா
_vJabbar, Irfana
242 _aThunivin Ellai
245 _aதுணிவின் எல்லை
260 _aKandy:
_bThamil Manram,
_c1992
300 _a68 p.
650 _aTAMIL FICTION
942 _cBK
999 _c4582
_d4582